00281 2200133 4500001002100000005001500021035002000036245003600056300000800092260001500100082000800115084001200123990001200135INLIS00000000000222220250527015250 a0010-0525000514 aHarus Bisa /cDino Patti Djalal a434 bREW,c2008 a100 a100 HAR a0713263